| 000 | 01260nam a2200313 4500 | ||
|---|---|---|---|
| 003 | OSt | ||
| 005 | 20260530113852.0 | ||
| 008 | 260422b1978 mx a|||| |||| 00| 0 spa d | ||
| 020 | _a9682315662 (v. 3) | ||
| 020 | _a9682300487 | ||
| 040 |
_aIC _bspa _cICI |
||
| 041 | _aspa | ||
| 050 |
_aT15 _bD4718 1990 |
||
| 100 | 1 |
_a Derry, T. K. _d1905 _931342 |
|
| 240 | 1 | 0 |
_aShort history of technology, form the earliest time to a.d. 1900. _lEspañol |
| 245 | 1 | 0 |
_aHistoria de la Tecnología _c por T. K. Derry y Trevor I. Williams ; tr. Carlos Caranci... [y otros] |
| 250 | _a2 ed. | ||
| 264 | 1 |
_aMéxico : _bSiglo XXI, _c1978- |
|
| 300 | _avolúmenes | ||
| 336 |
_atexto _2rdacontent |
||
| 337 |
_asin medio _2rdamedia |
||
| 338 |
_avolumen _2rdacarrier |
||
| 500 | _aReimpresiones: (v. 1. 22a, 2004) -- (v. 2. 19a, 2006) -- (v. 3. 18a, 2006) -- (v. 4. 9a, 2006) -- (v. 5. 9a, 2006) | ||
| 505 | _tContenido: v.1. Dessde la antiguedad hasta 1750 -- v. 2. Desde 1750 hasta 1900 (I) -- v.3. Desde 1750 hasta 1900 (II) -- v.4. Desde 1900 hasta 1950 (I) -- v.5. Desde 1900 hasta 1950 (II) | ||
| 650 |
_aTecnología _xHistoria _931343 |
||
| 700 | 1 |
_aCaranci, Carlo A. _etraductor _931344 |
|
| 700 | 1 |
_aWilliams, Trevor Illtyd _eautor _931345 |
|
| 942 |
_2lcc _cBK _n1 |
||
| 999 |
_c11494 _d11494 |
||